Sacred heresy : (Record no. 128498)
[ view plain ]
| 000 -LEADER | |
|---|---|
| fixed length control field | 00896nam a22002777a 4500 |
| 003 - CONTROL NUMBER IDENTIFIER | |
| control field | dpl |
| 005 - DATE AND TIME OF LATEST TRANSACTION | |
| control field | 20180702110718.0 |
| 008 - FIXED-LENGTH DATA ELEMENTS--GENERAL INFORMATION | |
| fixed length control field | 180529b xxu||||| |||| 00| 0 eng d |
| 010 ## - LIBRARY OF CONGRESS CONTROL NUMBER | |
| LC control number | A-943643 |
| 020 ## - INTERNATIONAL STANDARD BOOK NUMBER | |
| Terms of availability | 100.00 |
| International Standard Book Number | 8126005904 |
| 035 ## - SYSTEM CONTROL NUMBER | |
| System control number | A-943643, A-943647, A-943644 |
| 037 ## - SOURCE OF ACQUISITION | |
| Source of stock number/acquisition | Cen Lib/Ret |
| 040 ## - CATALOGING SOURCE | |
| Original cataloging agency | DPL |
| Language of cataloging | EN |
| Transcribing agency | 0 |
| 082 ## - DEWEY DECIMAL CLASSIFICATION NUMBER | |
| Classification number | 881 |
| Item number | SAC |
| 245 ## - TITLE STATEMENT | |
| Title | Sacred heresy : |
| Statement of responsibility, etc | edited by Dilip Chitre; translated by G.V. Karandikar |
| Remainder of title | selected peoms of Vinda Karandikar / |
| 260 ## - PUBLICATION, DISTRIBUTION, ETC. (IMPRINT) | |
| Place of publication, distribution, etc | New Delhi |
| Name of publisher, distributor, etc | Sahitya academy |
| Date of publication, distribution, etc | 1998 |
| 270 ## - ADDRESS | |
| City | New Delhi |
| Address | 35, Firozshah road |
| Postal code | 110001 |
| 300 ## - PHYSICAL DESCRIPTION | |
| Extent | 150p. |
| Dimensions | 21cm(Hb) |
| 490 ## - SERIES STATEMENT | |
| Series statement | Macmillan critical readers |
| 500 ## - GENERAL NOTE | |
| General note | Includes bibliographical references |
| 650 ## - SUBJECT ADDED ENTRY--TOPICAL TERM | |
| Topical term or geographic name as entry element | literature |
| 9 (RLIN) | 6262 |
| 650 ## - SUBJECT ADDED ENTRY--TOPICAL TERM | |
| Topical term or geographic name as entry element | Poetry |
| 9 (RLIN) | 23595 |
| 700 ## - ADDED ENTRY--PERSONAL NAME | |
| Personal name | Chitre, Dilip |
| 9 (RLIN) | 23583 |
| 700 ## - ADDED ENTRY--PERSONAL NAME | |
| Personal name | Karandikar, G.V. |
| 9 (RLIN) | 23596 |
| 942 ## - ADDED ENTRY ELEMENTS (KOHA) | |
| Source of classification or shelving scheme | Dewey Decimal Classification |
| Koha item type | English Books |
| Classification part | 881 |
| Call number suffix | SAC |
| Withdrawn status | Lost status | Damaged status | Not for loan | Home library | Current library | Date acquired | Source of acquisition | Cost, normal purchase price | Total Checkouts | Full call number | Barcode | Date last seen | Copy number | Cost, replacement price | Price effective from | Koha item type | Source of classification or shelving scheme | Collection code |
|---|---|---|---|---|---|---|---|---|---|---|---|---|---|---|---|---|---|---|
| Central Library | Central Library | 02/07/2015 | Cen Lib/Ret | 100.00 | 881 SAC | A-943643 | 02/07/2015 | 1 | 100.00 | 02/07/2015 | English Books | |||||||
| Patel Nagar | Patel Nagar | 02/07/2018 | BPPD/Pub | 100.00 | 881 SAC | A-943644 | 02/07/2018 | 1 | 100.00 | 02/07/2018 | English Books | Dewey Decimal Classification | Non-fiction | |||||
| Sarojini Nagar | Sarojini Nagar | 10/05/2019 | 881 SAC | A-943645 | 10/05/2019 | 10/05/2019 | English Books | Dewey Decimal Classification | Non-fiction | |||||||||
| Shahdara Branch | Shahdara Branch | 29/05/2018 | BPPD/PUB | 100.00 | 881 SAC | A-943647 | 29/05/2018 | 100.00 | 29/05/2018 | English Books | Dewey Decimal Classification | Non-fiction |
